| 000 | 00594nam a2200193 a 4500 | ||
|---|---|---|---|
| 005 | 20240413063734.0 | ||
| 008 | 991125s1985 mx 000 0 spa u | ||
| 020 | _a9681618246 | ||
| 035 | _aUPN01000005721 | ||
| 049 | _aCG | ||
| 050 | 4 |
_aF1233 _bK5.28 |
|
| 100 | 1 | _aKnowlton, Robert J. | |
| 245 | 1 | 4 |
_aLos bienes del clero y la reforma mexicana, 1856-1910 / _cRobert J. Knowlton ; tr. Juan José Utrilla. |
| 260 |
_aMéxico : _bFCE, _c1985. |
||
| 300 | _a329 p. | ||
| 650 | 4 |
_aIGLESIA - _xBIENES - _zMEXICO |
|
| 651 | 4 |
_aMéxico _xHistoria _yGuerra de Reforma, 1855-1857 _916696 |
|
| 905 | _aLibro | ||
| 999 |
_c5721 _d5721 |
||